01000nam a2200265 i 450000500170000000800410001702000390005804000280009708200160012509000200014110000530016124501010021426400660031530000490038133600210043033700250045133800230047665000370049965000480053665000590058470000290064370000320067294200110070499900190071520260412133546.0260412s2025 my a br 000 0 may d a9786299554615cRM33.00qpaperback  aPPAK beng cPPAK erda04223a297.57600a297.576bYUMdK0 aYumi Zuhanis Has-Yun Hashim, d1977-, eauthor. 10aBINATANG HALAL, BINATANG HARAM / cYumi Zuhanis Has-Yun Hashim, Noriah Ramli dan Khadijah Othman 1aBandar Puncak Alam, Selangor : bYZ Lestari Niaga, c[2025?]  a58 pages : bcolour illustrations ; c23 cm  atext2rdacontent aunmediated2rdamedia avolume2rdacarrier10aHalal food vJuvenile literature20aMuslims xDietry laws vJuvenile literature20aFood xReligious aspects xIslam vJuvenile literature0 aNoriah Ramli, eauthor. 0 aKhadijah Othman, eauthor.  2ddccB c203802d203802